000 00676 a2200193 4500
003 Nust
005 20230516115854.0
020 _a0-538-10500-3
040 _cNust
082 _a001.64,WAN
100 1 _aWanous, S.J.
_9112368
245 0 0 _aFundamentals of data processing /
_cS.J. Wanous, E.E. Wanous. Gerald E. Wagner
260 _aCincinnati ...,
_c1971
300 _a408 s. :
_bIll.
505 _aGrowth and Importance of data Processing (Page-1), Basic Components of Automated Systems (Page-59), Unit-Record System (Page-131), The Electronic Computer System (Page-165).
700 1 _aWagner, Gerald E.
_9112369
700 1 _aWanous, E.E.
_9112370
942 _2ddc
_cBKB
999 _c190998
_d190998